00596nam a22002057a 4500003000400000005001700004008004100021010001300062016001300075020001500088035001300103037001300116040000600129082001100135100001500146245011100161260004600272270004900318300002300367dpl20180809130517.0180809b xxu||||| |||| 00| 0 eng d aA-936174 aA-936174 a8175330740 aA-936174 bBPPD/PUB c0 a305.42 aBhatt.G.D. aEmpowerment and status of rural women :cby R. L. Gupta and V. K. GuptabA central himalayan perspective / aNew DelhibM D publications pvt ltdc1998 aB/231-E, Greater kailashbNew delhi e110048 a194p. c22 cm (Hb)